Escritos : (Registro nro. 13830)

Detalles MARC
000 -LEADER
fixed length control field 01381nam a2200349 a 4500
001 - CONTROL NUMBER
control field
003 - CONTROL NUMBER IDENTIFIER
control field DO-SdBNP
005 - DATE AND TIME OF LATEST TRANSACTION
control field 20240221102306.0
008 - FIXED-LENGTH DATA ELEMENTS--GENERAL INFORMATION
fixed length control field 100408s2008 dr a 001 0 spa d
020 ## - INTERNATIONAL STANDARD BOOK NUMBER
International Standard Book Number 9789945020533 (v.1)
020 ## - INTERNATIONAL STANDARD BOOK NUMBER
International Standard Book Number 9789945020540 (v.2)
040 ## - CATALOGING SOURCE
Original cataloging agency DO-SdBNP
Language of cataloging spa
Transcribing agency BPMSU
082 ## - DEWEY DECIMAL CLASSIFICATION NUMBER
Classification number RD868.2
Item number B598e 2008
Edition number 22
100 1# - MAIN ENTRY--PERSONAL NAME
Personal name Billini, Hipólito,
Dates associated with a name 1850-1903
245 10 - TITLE STATEMENT
Title Escritos :
Remainder of title cosas, cartas y ... otras cosas /
Statement of responsibility, etc. Hipólito Billini ; editor Andrés Blanco Díaz.
260 ## - PUBLICATION, DISTRIBUTION, ETC. (IMPRINT)
Place of publication, distribution, etc. Santo Domingo :
Name of publisher, distributor, etc. Archivo General de la Nación,
Date of publication, distribution, etc. 2008.
300 ## - PHYSICAL DESCRIPTION
Extent v. ;
Dimensions 24 cm.
490 0# - SERIES STATEMENT
Series statement Archivo General de la Nación,
Volume/sequential designation 67-68
500 ## - GENERAL NOTE
General note Incluye índice onomástico
500 ## - GENERAL NOTE
General note Incluye datos biográficos del autor en la solapa de la cubierta
500 ## - GENERAL NOTE
General note Incluye notas al pie de las páginas
505 0# - FORMATTED CONTENTS NOTE
Miscellaneous information v.1. Cosas, cartas y otras cosas --
-- v.2. Ensayos.
590 ## - LOCAL NOTE (RLIN)
Local note Inventariado, 2021/VM
600 14 - SUBJECT ADDED ENTRY--PERSONAL NAME
Personal name Billini Aristy,Hipólito
Dates associated with a name 1850-1903
Form subdivision Correspondencia, memorias, etc
650 #4 - SUBJECT ADDED ENTRY--TOPICAL TERM
Topical term or geographic name as entry element Ensayos dominicanos
650 #4 - SUBJECT ADDED ENTRY--TOPICAL TERM
Topical term or geographic name as entry element Litertaura dominicana
Form subdivision Colecciones de escritos
651 #4 - SUBJECT ADDED ENTRY--GEOGRAPHIC NAME
Geographic name República Dominicana
General subdivision Historia
Chronological subdivision 1844-1930
Form subdivision Ensayos, conferencias, etc.
700 1# - ADDED ENTRY--PERSONAL NAME
Personal name Blanco Díaz, Andrés
Relator term ed.
710 2# - ADDED ENTRY--CORPORATE NAME
Corporate name or jurisdiction name as entry element Archivo General de la Nación (República Dominicana)
910 ## - USER-OPTION DATA (OCLC)
User-option data Vmateo V. Control de calidad. BPMSU
942 ## - ADDED ENTRY ELEMENTS (KOHA)
Source of classification or shelving scheme Dewey Decimal Classification
Koha item type Libros
Existencias
Withdrawn status Lost status Source of classification or shelving scheme Damaged status Not for loan Collection code Home library Current library Date acquired Source of acquisition Total Checkouts Full call number Barcode Date last seen Copy number Price effective from Koha item type
    Dewey Decimal Classification     Colección Dominicana Biblioteca Pública Metropolitana Salomé Ureña Biblioteca Pública Metropolitana Salomé Ureña 11/02/2021 AGN   BPMSU CD RD868.2 B598e 2008 BPMSU21110017 11/02/2021 v.1 11/02/2021 Libros
    Dewey Decimal Classification     Colección Dominicana Biblioteca Pública Metropolitana Salomé Ureña Biblioteca Pública Metropolitana Salomé Ureña 11/02/2021 AGN   BPMSU CD RD868.2 B598e 2008 BPMSU21110020 11/04/2021 v.2 11/02/2021 Libros
    Dewey Decimal Classification     Colección Dominicana Biblioteca Pública Metropolitana Salomé Ureña Biblioteca Pública Metropolitana Salomé Ureña 11/02/2021 AGN   BPMSU CD RD868.2 B598e 2008 BPMSU21110021 11/04/2021 v.2, e.2 11/02/2021 Libros